000 00318nam a22001337a 4500
008 180919b xxu||||| |||| 00| 0 eng d
020 _a9780140513356
041 _aeng
080 _a941
100 _a16
101 _aHIS
245 _aThe Penguin Historical AtlasOf Ancient Greece
_cRobert.M
942 _2udc
_cBK
999 _c48002
_d48002